Central Library OPAC University of Rajshahi

Development and social change in Yugoslavia : (Record no. 2054)

MARC details
000 -LEADER
fixed length control field 00949cam a2200289 i 4500
001 - CONTROL NUMBER
control field 2054
003 - CONTROL NUMBER IDENTIFIER
rucl marc code BD-RjUL
005 - DATE AND TIME OF LATEST TRANSACTION
control field 20211208233455.0
008 - FIXED-LENGTH DATA ELEMENTS--GENERAL INFORMATION
fixed length control field 131210s1975 enk bs 001 0 eng
020 ## - INTERNATIONAL STANDARD BOOK NUMBER
International Standard Book Number 0347010482 :
035 ## - SYSTEM CONTROL NUMBER
System control number (BD-RjUL)2081
040 ## - CATALOGING SOURCE
Original cataloging agency DLC
Transcribing agency DLC
Modifying agency DLC
-- BD-RjUL
Language of cataloging eng
041 ## - LANGUAGE CODE
Language code of text/sound track or separate title eng
082 00 - DEWEY DECIMAL CLASSIFICATION NUMBER
Classification number 309.149702
Author mark and year JAD
100 1# - MAIN ENTRY--PERSONAL NAME
Personal name Jambrek, Peter.
9 (RLIN) 6723
245 10 - TITLE STATEMENT
Title Development and social change in Yugoslavia :
Remainder of title crises and perspectives of building a nation /
Statement of responsibility, etc. Peter Jambrek.
260 ## - PUBLICATION, DISTRIBUTION, ETC. (IMPRINT)
Place of publication, distribution, etc. Farnborough, Hants. :
Name of publisher, distributor, etc. Saxon House ;
Place of publication, distribution, etc. Lexington, Mass. :
Name of publisher, distributor, etc. Lexington Books,
Date of publication, distribution, etc. 1975.
300 ## - PHYSICAL DESCRIPTION
Pagination xiv, 280 p. ;
Size 24 cm.
500 ## - GENERAL NOTE
General note Includes index.
504 ## - BIBLIOGRAPHY, ETC. NOTE
Bibliography, etc Bibliography: p. 269-276.
651 #0 - SUBJECT ADDED ENTRY--GEOGRAPHIC NAME
Geographic name Yugoslavia
General subdivision Social conditions.
9 (RLIN) 6724
Geographic name Yugoslavia
General subdivision Economic conditions.
9 (RLIN) 6089
Geographic name Yugoslavia
General subdivision Politics and government.
9 (RLIN) 6725
942 ## - ADDED ENTRY ELEMENTS (KOHA)
Source of classification or shelving scheme Dewey Decimal Classification
Koha item type Books
Holdings
Lost status Source of classification or shelving scheme Damaged status Not for loan Collection code Permanent Location Current Location Shelving location Date acquired Source of acquisition Cost, normal purchase price Total Checkouts Full call number Date last seen Copy number Koha item type
  Dewey Decimal Classification   Not For Loan Non-fiction Central Library, University of Rajshahi Central Library, University of Rajshahi Reading Room 09/08/1979 Heffu 10.50   309.149702 JAD 1975 10/12/2013 C-1 Books
  Dewey Decimal Classification     Non-fiction Central Library, University of Rajshahi Central Library, University of Rajshahi   26/12/1980 Heffers 9.50   309.149702 JAD 1975 11/05/2014 C-3 Books
  Dewey Decimal Classification     Non-fiction Central Library, University of Rajshahi Central Library, University of Rajshahi   09/08/1979 Heffer 10.50   309.149702 JAD 1975 11/05/2014 C-2 Books